| 000 | 01377cam a22002054a 4500 | ||
|---|---|---|---|
| 005 | 20250605164144.0 | ||
| 008 | 250528s ||||||||||||||||||||||||d | ||
| 035 | _a19109 | ||
| 020 | _a9603410055 | ||
| 040 |
_aGR-AtMCL _bgre _dGR-AtMCL _eAACR2 |
||
| 245 | 1 | _aΕκθέσεις 12 / Αξιολόγηση της Συμβολής των Κοινοτικών Χρηματοδοτήσεων στην Προστασία του Ελληνικού Περιβάλλοντος | |
| 260 |
_bΚέντρο Προγραμματισμού Και Οικονομικών Ερευνών, _c1994 |
||
| 300 | _a78 | ||
| 520 | _aΠεριβαλλοντική Πολιτική στην Ελλάδα, Κοινοτικά Προγράμματα Χρηματοδότησης του Ελληνικού Περιβάλλοντος, Πρόγραμμα Δημόσιων Επενδύσεων Έτους 1990 για Προστασία του Περιβάλλοντος, Τελική Αξιολόγηση της Χρηματοδότησης Δημοσίων Δαπανών για την Προστασία του Ελληνικού Περιβάλλοντος και Προτάσεις για τη Χρονική Περίοδο 1994-1999. | ||
| 700 | 1 |
_aΚατοχιανού Δήμητρα Ν _95355 |
|
| 700 | 1 |
_aΣπαθή Σοφία Κ _95356 |
|
| 942 | _cBK | ||
| 999 |
_c4388 _d4388 |
||